000 00513nam a2200181Ia 4500
008 090124s9999 xx 000 0 und d
082 _b132620
100 _aवर्दे दीपा
245 _a मृगजळाची तहान
250 _a1
260 _c2004
300 _a155
600 _aवर्दे दीपा
630 _a मृगजळाची तहान
700 _aवर्दे दीपा
730 _a मृगजळाची तहान
942 _cBOOK
999 _c178744
_d178744